Coeficiente Standard (Registro nro. 2031)

Detalles MARC
000 -LEADER
fixed length control field 01272 a2200217 4500
001 - CONTROL NUMBER
control field 30132
005 - DATE AND TIME OF LATEST TRANSACTION
control field 20260407155612.0
008 - FIXED-LENGTH DATA ELEMENTS--GENERAL INFORMATION
fixed length control field 260407a1966 arg spa d
003 - CONTROL NUMBER IDENTIFIER
control field AR-UNSa-BCEJYS
040 ## - CATALOGING SOURCE
Original cataloging agency AR-UNSa-BCEJYS
Language of cataloging spa
Transcribing agency AR-UNSa-BCEJYS
080 ## - UNIVERSAL DECIMAL CLASSIFICATION NUMBER
Universal Decimal Classification number 657.474.55
Common auxiliary subdivision Costes directos e indirectos. Costes marginales<br/>
100 1# - MAIN ENTRY--PERSONAL NAME
Personal name Perucca Orfei, Vittorio
245 10 - TITLE STATEMENT
Title Coeficiente Standard
Name of part/section of a work en la previsión y control de la empresa
250 ## - EDITION STATEMENT
Edition statement 4a. ed
264 #1 - PRODUCTION, PUBLICATION, DISTRIBUTION, MANUFACTURE, AND COPYRIGHT NOTICE
Place of production, publication, distribution, manufacture Bilbao :
Name of producer, publisher, distributor, manufacturer Ediciones Deusto
Date of production, publication, distribution, manufacture, or copyright notice 1966
300 ## - PHYSICAL DESCRIPTION
Extent 163 p.
Dimensions 21 cm.
505 ## - FORMATTED CONTENTS NOTE
Formatted contents note Primera parte: El sistema de los coeficientes stándard - 1. Costos standard y costos efectivos - 2. El análisis de la divergencias de los costos standard - 3. La determinación de la eficiencia de la empresa - 4. Consideraciones generales - Segunda Parte: La técnica de los standard - 1. Como se estudia y se fija un costo standard - 2. La técnica de determinación de los costos standard - 3. La función de los costos stándard - Tercera parte: Criterios para una aplicación práctica - 1. Eleccion de los sistemas y determinación de los fines - 2. La introducción de los costos y de los coeficientes standard.
590 ## - LOCAL NOTE (RLIN)
Local note niveau_biblio:m niveau_hierar:0
700 1# - ADDED ENTRY--PERSONAL NAME
Personal name Sáenz, José Maria
942 ## - ADDED ENTRY ELEMENTS (KOHA)
Koha item type
Existencias
Withdrawn status Lost status Damaged status Not for loan Home library Current library Shelving location Date acquired Total checkouts Full call number Barcode Date last seen Price effective from Koha item type
        Biblioteca Prof. Eusebio Cleto del Rey Biblioteca Prof. Eusebio Cleto del Rey   07/04/2026   657.474.55 P471 4ed. L22304 07/04/2026 07/04/2026 Libro
        Biblioteca Prof. Eusebio Cleto del Rey Biblioteca Prof. Eusebio Cleto del Rey   07/04/2026   657.474.55 P471 4ed. L22303 07/04/2026 07/04/2026 Libro